Význam a způsob evidence lesního půdního fondu

Bibliographic Details
Main Author: Šůra, Jaroslav (Author)
Format: Article
Language:Slovak
Subjects:

MARC

LEADER 00000nab a2200000 a 4500
001 vtls000288426
003 SK-MaSNL
005 20260303192928.0
008 111202c1986 xo 0 slo
015 |a SNBRA19rr/mm-uuuuu 
035 |a CL0298544 
040 |a SNKBUCL  |b slo  |c SNKBUCL  |e AACR2 
041 0 |a slo 
044 |a xo  |c SK 
080 |a 332.2/.6  |2 1981 
100 1 |a Šůra, Jaroslav  |4 aut  |9 377775 
245 1 0 |a Význam a způsob evidence lesního půdního fondu  |c Jaroslav Šůra 
650 0 7 |a fond pôdny lesný  |2 snkbucl  |9 901883 
650 0 7 |a nehnuteľnosti  |2 snkbucl  |9 3653 
650 0 7 |a evidencia nehnuteľností  |2 snkbucl  |9 16630 
655 7 |a články zo zborníkov  |2 snkbucl  |9 166140 
773 0 |t Evidencia nehnuteľností  |d Žilina : Dom techniky ČSVTS, 1986 
850 |a Slovenská národná knižnica v Martine  |a MTA001 
852 |a SNK  |b KIS3GCP 
958 |a RK 
992 |a RZB 
999 |c 2149484  |d 2151414